Sadismo /

Zapisane w:
Opis bibliograficzny
1. autor: Woodward, L. T. (Autor)
Format: Książka
Język:włoski
Wydane: Milano : Società Editoriale Attualità, 1966
Seria:Poker d'assi ; 6
Hasła przedmiotowe:
Etykiety: Dodaj etykietę
Nie ma etykietki, Dołącz pierwszą etykiete!

MARC

LEADER 00000nam a22000007i 4500
001 IT\ICCU\SBL\0534413
003 ItRI
005 20260115232318.0
008 910930s1966 it |||||| |||||0|||||c
015 |2 IT  |a 668079 
040 |b ita  |c importazione bologna sebina 
041 7 |a ita  |2 ISO-639-2 
082 |a 132  |9 PSICOLOGIA ANORMALE  |2 16 
100 1 |a Woodward, L. T.  |0 IT\ICCU\SBLV\242814  |4 aut 
240 1 0 |a Sadisme  |3 IT\ICCU\RAV\2145265  |9 Woodward, L. T. 
245 1 0 |a Sadismo /  |c L. T. Woodward. 
260 |a Milano :  |b Società Editoriale Attualità,  |c 1966 
300 |a 159 p. ;  |c 17 cm 
650 7 |a Sadismo 
830 0 |a Poker d'assi ;  |v 6  |0 IT\ICCU\PAL\0025088 
942 |2 ddc  |c BK  |n 0 
952 |0 0  |1 0  |4 0  |6 DOC_306_770000000000000_WOO  |7 0  |9 24004  |a BO  |b BO  |d 2026-01-15  |i 1368  |l 0  |o DOC 306.77 WOO  |p BO1368  |r 2026-01-15 23:23:18  |w 2026-01-15  |x [Sebina 7] [1 v.]  |y BK  |z 1 v. 
999 |c 20437  |d 20437